| 000 | 00482pab a2200181 454500 | ||
|---|---|---|---|
| 008 | 180718b2002 xxu||||| |||| 00| 0 eng d | ||
| 100 | _aAshutosh Kumar | ||
| 245 | _aReflections on the recent assembly elections in Punjab | ||
| 260 | _c2002 | ||
| 300 | _ap.19-23. | ||
| 362 | _a18 May | ||
| 650 | _aPunjab. Legislative Assembly - Elections | ||
| 650 | _aElections - India - Punjab | ||
| 650 | _aElections | ||
| 700 | _aSanjay Kumar | ||
| 773 | _aMainstream | ||
| 909 | _a54732 | ||
| 999 |
_c54732 _d54732 |
||